Voc allemand - Termes généraux - Statistiques

Statistiques générales
  • Ce quiz a été pris 17 fois
  • Le résultat moyen est 5 sur 15
Statistiques - réponses
Hint Réponse % Correct
Niemand Personne
100%
Das Ding, -e La chose / l'objet
71%
Jemand Quelqu'un
71%
Die Sache, -n La chose
64%
Irgend- N'importe
50%
Das Verhalten Le comportement
29%
Die Angelegenheit, -en L'affaire
21%
Die Art La sorte / la manière
21%
Der Zustand, ¨-e L'état
21%
Der Gegenstand, ¨-e L'objet
21%
Der Umstand, ¨-e La circonstance
14%
Das Merkmal, e La caractéristique
7%
Die Tat, -en L'action / l'acte
7%
Der Schverhalt, -e Les faits
7%
Herrschen Faire
0%
Aucun quiz correspondant
Distribution des résultats
% des personnes avec chaque résultat
Percentile par nombre de réponses
Votre historique - résultats
Vous n’avez pas pris ce quiz